000 00342 a2200109 4500
001 ART_47246
005 20260410162012.0
008 260409a
245 1 0 _aCuatro tesis acerca de una gestión pública nacional y popular
100 1 _aCao, Horacio
773 0 _tRealidad económica
_g- Nº 260 (mayo/jun. 2011)
_wREV39723
999 _c32330
_d32330